La representación de la realidad : (Record no. 88529)

MARC details
000 -CABECERA
campo de control de longitud fija 00837nam a2200241 a 4500
005 - FECHA Y HORA DE LA ÚLTIMA TRANSACCIÓN
campo de control 20221014063438.0
008 - ELEMENTOS DE LONGITUD FIJA--INFORMACIÓN GENERAL
campo de control de longitud fija 020116s1998 r 000 0 eng d
020 ## - NÚMERO INTERNACIONAL NORMALIZADO PARA LIBROS
Número Internacional Estándar del Libro 8449305411
035 ## - NÚMERO DE CONTROL DEL SISTEMA
Número de control de sistema UPN01000114628
049 ## - COLECCIÓN
Colección CG
050 #4 - SIGNATURA TOPOGRÁFICA DE LA BIBLIOTECA DEL CONGRESO
Número de clasificación BD175
Número de documento/Ítem P6.78
100 1# - ASIENTO PRINCIPAL--NOMBRE PERSONAL
Nombre de persona Potter, Jonathan,
Fechas asociadas al nombre 1956-
245 13 - MENCIÓN DE TÍTULO
Título La representación de la realidad :
Resto del título discurso, retórica y construcción social /
Mención de responsabilidad, etc. Jonathan Potter ; tr. Genis Sánchez Barberán.
260 ## - PUBLICACIÓN, DISTRIBUCIÓN, ETC.
Lugar de publicación, distribución, etc. Barcelona, ( Esp.):
Nombre del editor, distribuidor, etc. Paidós,
Fecha de publicación, distribución, etc. 1998.
300 ## - DESCRIPCIÓN FÍSICA
Extensión 319 p.
440 #0 - MENCIÓN DE SERIE/ASIENTO SECUNDARIO--TÍTULO
Título Temas de psicología ;
Designación de volumen o secuencia 4
590 ## - NOTA LOCAL (RLIN)
Nota local (También localizas un ejemplar en el "Area de Reserva")
590 ## - NOTA LOCAL (RLIN)
Nota local Bibliografía Básica (BGTQ)
650 #7 - ASIENTO SECUNDARIO DE MATERIA - TERMINO TEMATICO
Término de materia o nombre geográfico como elemento de entrada Sociología del conocimiento
Fuente del encabezamiento o término
9 (RLIN) 4897
650 #4 - ASIENTO SECUNDARIO DE MATERIA - TERMINO TEMATICO
Término de materia o nombre geográfico como elemento de entrada EPISTEMOLOGIA SOCIAL
9 (RLIN) 9037
650 #4 - ASIENTO SECUNDARIO DE MATERIA - TERMINO TEMATICO
Término de materia o nombre geográfico como elemento de entrada CONSTRUCTIVISMO (PSICOLOGIA)
9 (RLIN) 10399
905 ## - TIPO DE MATERIAL
Tipo de material Libro
Holdings
Estado de retiro Estado de pérdida Fuente del sistema de clasificación o colocación Estado dañado No para préstamo Código de colección Localización permanente Ubicación/localización actual Ubicación en estantería Total de préstamos Clasificación Código de barras Fecha visto por última vez Fecha del último préstamo Número de copia Tipo de ítem Koha Fecha de adquisición Renovaciones totales Restricciones de uso
    Library of Congress Classification     Colección General Bib. Gregorio Torres Quintero Bib. Gregorio Torres Quintero Planta baja 30 BD175 P6.78 188048 03/06/2025 21/05/2025 1 Libro      
    Library of Congress Classification     Colección General Bib. Gregorio Torres Quintero Bib. Gregorio Torres Quintero Planta baja 29 BD175 P6.78 188051 31/12/2020   1 Libro      
    Library of Congress Classification     Colección General Bib. Gregorio Torres Quintero Bib. Gregorio Torres Quintero Planta baja 24 BD175 P6.78 188049 31/12/2020   1 Libro      
    Library of Congress Classification     Colección General Bib. Gregorio Torres Quintero Bib. Gregorio Torres Quintero Planta baja 30 BD175 P6.78 188047 27/10/2025 22/09/2025 1 Libro 09/10/2024 3  
    Library of Congress Classification     Bibliografía básica Bib. Gregorio Torres Quintero Bib. Gregorio Torres Quintero Colecciones especiales Planta alta   BD175 P6.78 188050 31/12/2020   1 Libro por horas 30/01/2023   Préstamo por horas